000
00373nam a2200133Ia 4500
008
151001s9999||||xx |||||||||||||| ||und||
100
_a
विनायक त्र्यं पाटील
245
_a
निरीच्छ नभ
250
_a
1
260
_b
शब्दालय प्रकाशन
260
_c
2006
300
_a
64
365
_b
21
999
_c
988562
_d
988559